Statistics for NFL 2000s All-Decade Team Colleges

Click here to take the quiz!

General Stats

  • This quiz has been taken 48 times
  • The average score is 32 of 52

Answer Stats

PositionPlayerCollege% Correct
QBTom BradyMichigan
97%
OGSteve HutchinsonMichigan
97%
CBTy LawMichigan
97%
CBCharles WoodsonMichigan
97%
OTOrlando PaceOhio State
92%
RBJamal LewisTennessee
92%
QBPeyton ManningTennessee
92%
RBShaun AlexanderAlabama
89%
PRDevin HesterMiami
89%
LBRay LewisMiami
89%
RBEdgerrin JamesMiami
89%
SEd ReedMiami
89%
DTWarren SappMiami
89%
OGAlan FanecaLSU
84%
CKevin MawaeLSU
84%
STroy PolamaluUSC
84%
LBDerrick BrooksFlorida State
79%
OTWalter JonesFlorida State
79%
WRRandy MossMarshall
79%
PShane LechlerTexas A&M
76%
PRDante HallTexas A&M
76%
DEJulius PeppersNorth Carolina
74%
LBZach ThomasTexas Tech
74%
TETony GonzalezCalifornia
71%
CBChamp BaileyGeorgia
71%
DTRichard SeymourGeorgia
71%
RBLaDainian TomlinsonTCU
71%
OTJonathan OgdenUCLA
71%
COlin KreutzWashington
71%
SBrian DawkinsClemson
66%
DEDwight FreeneySyracuse
66%
WRMarvin HarrisonSyracuse
66%
OGWill ShieldsNebraska
55%
DTKevin WilliamsOklahoma State
55%
CBRonde BarberVirginia
53%
LBJoey PorterColorado State
45%
WRTorry HoltNC State
42%
LBBrian UrlacherNew Mexico
39%
KDavid AkersLouisville
37%
DTLa'Roi GloverSan Diego State
37%
TEAntonio GatesKent State
32%
KRJoshua CribbsKent State
29%
LBDeMarcus WareTroy
26%
FBLorenzo NealFresno State
24%
OTWillie RoafLouisiana Tech
24%
WRTerrell OwensChattanooga
18%
DEJason TaylorAkron
13%
KAdam VinatieriSouth Dakota State
13%
DEMichael StrahanTexas Southern
11%
OGLarry AllenSonoma State
5%
SDarren SharperWilliam & Mary
5%
PBrian MoormanPittsburg State
3%

Score Distribution

Percentile by Number Answered

Percent of People with Each Score

Your Score History

You have not taken this quiz